000 01258cam a2200337 i 4500
001 12462042
003 EG-ScBUE
005 20241031090141.0
008 010706s2002 maua f b 001 0 eng d
020 _a0071226613
020 _a9780071226615
040 _aEG-ScBUE
_beng
_erda
_cEG-ScBUE
_dEG-ScBUE
082 0 4 _a519.2
_222
_bPAP
100 1 _aPapoulis, Athanasios,
_d1921-
_eauthor.
_931411
245 1 0 _aProbability, Random Variables, and Stochastic Processes /
_cAthanasios Papoulis, University professor, Polytechnic University, S. Unnikrishna Pillai, professor of electrical and computer engineering, Polytechnic University..
250 _aFourth edition.
250 _aInternational edition.
264 1 _aBoston :
_bMcGraw-Hill,
_c2002.
300 _ax, 852 pages :
_billustrations ;
_c25 cm
336 _2rdacontent
_atext
_btxt
337 _aunmediated
_2rdamedia
_bn
338 _avolume
_bnc
_2rdacarrier
504 _aIncludes bibliographical references and index.
650 0 _aProbabilities.
_931412
650 7 _aRandom variables.
_2BUEsh
_918426
650 7 _aStochastic processes.
_2BUEsh
_931413
653 _cNovember2012
655 _vReading book
700 1 _aPillai, S. Unnikrishna,
_d1955-
_eauthor.
_931414
942 _2ddc
_cBB
999 _c17097
_d17069